Statistics for Top 10 Countries by Internet Users Per Thousand People

Click here to take the quiz!

General Stats

  • This quiz has been taken 24 times
  • The average score is 8 of 10

Answer Stats

Internet Users /1000Country% Correct
909.4Finland
86%
946.9Norway
86%
938.4Sweden
86%
927.8Denmark
81%
865.4Monaco
81%
925.9Netherlands
81%
953.6Iceland
76%
909.7Luxembourg
76%
870.3Liechtenstein
71%
887.5New Zealand
52%

Score Distribution

Percentile by Number Answered

Percent of People with Each Score

Your Score History

You have not taken this quiz